000 00413nam a22001577a 4500
003 OSt
005 20251103090834.0
008 251103b |||||||| |||| 00| 0 eng d
022 _a0040-5639
100 _aBrian Dunkle, SJ
245 _aARENTZEN, THOMAS:
_bThe Virgin in Song
260 _aUSA,
_bSages Publications;
_c2018
300 _aP.226
440 _aTheological Studies
_nNo.1
_vVol.79
942 _2lcc
_cART
999 _c205032
_d204992